Catálogo
 En Linea

Antes, Trujillo, después : (Registro nro. 21857)

Detalles MARC
000 -CABECERA
campo de control de longitud fija 00867nam a2200205 a 4500
001 - NÚMERO DE CONTROL
campo de control 000022359
005 - FECHA Y HORA DE LA ÚLTIMA TRANSACCIÓN
campo de control 20240409073640.0
008 - DATOS DE LONGITUD FIJA--INFORMACIÓN GENERAL
campo de control de longitud fija 101005t1980 dr 001 0dspa d
040 ## - FUENTE DE LA CATALOGACIÓN
Centro catalogador/agencia de origen DO-SdBNP
Lengua de catalogación spa
Centro/agencia transcriptor BNPHU
082 ## - NÚMERO DE LA CLASIFICACIÓN DECIMAL DEWEY
Número de clasificación 972.93
Número de documento/Ítem E77a
049 ## - FONDOS LOCALES (OCLC)
Fondos de biblioteca BNPD
100 1# - ENTRADA PRINCIPAL--NOMBRE DE PERSONA
Nombre de persona Espinal, Andrés Julio,
Fechas asociadas al nombre 1903-
9 (RLIN) 46125
245 10 - MENCIÓN DE TÍTULO
Título Antes, Trujillo, después :
Resto del título hombres y hechos /
Mención de responsabilidad, etc. Andrés Julio Espinal.
260 ## - PUBLICACIÓN, DISTRIBUCIÓN, ETC.
Lugar de publicación, distribución, etc. Santo Domingo :
Nombre del editor, distribuidor, etc. Taller,
Fecha de publicación, distribución, etc. 1980.
300 ## - DESCRIPCIÓN FÍSICA
Extensión 347 p. ;
Dimensiones 21 cm.
505 0# - NOTA DE CONTENIDO CON FORMATO
Información miscelánea Desmitologicemos la historia --
-- Introducción --
Título Mirada retrospectiva: pinceladas 1942-1930 --
-- Era de Trujillo: 16 de agosto de1930 - 30 de mayo de 1961 --
-- Después de Trujillo: pinceladas --
Información miscelánea Apéndices.
600 10 - PUNTO DE ACCESO ADICIONAL DE MATERIA--NOMBRE DE PERSONA
Nombre de persona Trujillo Molina, Rafael Leónidas,
Fechas asociadas al nombre 1891-1961
9 (RLIN) 76764
651 #4 - PUNTO DE ACCESO ADICIONAL DE MATERIA--NOMBRE GEOGRÁFICO
Nombre geográfico República Dominicana
Subdivisión general Historia
9 (RLIN) 170
910 ## - DATOS DE OPCIÓN DEL USUARIO (OCLC)
Datos de opción del usuario Validado. Control de calidad EMS.
Existencias
Estado de retiro Estado de pérdida No para préstamo Código de colección Localización permanente Ubicación/localización actual Ubicación en estantería Fecha de adquisición Número de inventario Total de préstamos Signatura topográfica completa Código de barras Fecha visto por última vez Precio válido a partir de Tipo de ítem Koha Nota pública
    Excluido de préstamo Patrimonio Dominicano Patrimonio Dominicano Patrimonio Dominicano Depósito 05.10.2010 LF1   972.93 E77a 22359-10 25.06.2020 25.06.2020 Libro y Folleto Colección Patrimonio Dominicano Pertenecio a la biblioteca personal German E. Ornes. Autografiado por el autor

Con tecnología Koha